=LDR 00000nam 2200000 4500 =001 INLIS000000000033471 =005 20130612135425 =008 ***********************************ind** =035 ##$$0010-061300000033471 =041 ##$$a ind =082 ##$$a 658.401 2 =090 ##$$a 658.401 2, Pan s =100 ##$$a Pande, Peter S =245 ##$$a The six sigma way, Bagaimana ge, motorola, dan perusahaan terkenal lainnya mengasah kenerja mereka, Peter s. pande, Robert p. Neuman, Roland R. Cavanaqh; Penerjemah, Dwi prabantini =260 ##$$a 2010 $b Yogyakarta =300 ##$$a xxvi, 455 hlm, Ilus, 23 cm =650 ##$$a Manajemen-Strategi =700 ##$$a Neuman Robert P =850 ##$$a NBPNMAT =990 ##$$a 2090101526/BPAP-NTB/2015 =990 ##$$a 70127012 =990 ##$$a 01201807012 =990 ##$$a 2090101526/BPAP-NTB/2015